| 000 | 00370nam a2200145Ia 4500 | ||
|---|---|---|---|
| 005 | 20251222143155.0 | ||
| 008 | 251222s9999||||xx |||||||||||||| ||spa|| | ||
| 020 | _a8489034060 | ||
| 082 | _a720.92/S21 | ||
| 100 | _aSan Cristóbal, Antonio | ||
| 245 | 0 | _aFray Diego Maroto Alarife de Lima 1617 - 1696 | |
| 250 | _a1ra. ed. | ||
| 264 | _bEpígrafe S.A. | ||
| 942 | _cLIB | ||
| 999 |
_c12829 _d12829 |
||